|
|
|
|
| LEADER |
01017nam a22002057a 4500 |
| 001 |
3336 |
| 003 |
BD-DhAAL |
| 005 |
20150108164204.0 |
| 008 |
150108s1969 bg ||||| |||| 00| 0 ben d |
| 040 |
|
|
|a BD-DhAAL
|c BD-DhAAL
|
| 082 |
|
|
|2 22
|a 491.44
|
| 100 |
|
|
|a রশীদ, আ ন ম বজলুর
|9 7236
|
| 245 |
|
|
|a স্কুলে মাতৃভাষা-শিক্ষণ :
|b মাতৃভাষা ও সাহিত্যের গবেষণা এবং অভিজ্ঞতামূলক শিক্ষা-বিজ্ঞান-গ্রন্থ
|c আ ন ম বজলুর রশীদ
|
| 260 |
|
|
|a ঢাকা :
|b বাংলা একাডেমী,
|c 1984
|
| 300 |
|
|
|a ৪৯৩ পৃ. :
|c ২৫ সে. মি.
|
| 541 |
|
|
|e 3336
|
| 650 |
|
|
|a Bengali Language
|9 7237
|
| 942 |
|
|
|2 ddc
|c BK
|
| 999 |
|
|
|c 33428
|d 33428
|
| 952 |
|
|
|0 0
|1 0
|2 ddc
|4 0
|6 491_440000000000000_RAS
|7 0
|9 44677
|a BRACUL
|b BRACUL
|c GEN
|d 2015-01-08
|g 0.00
|l 0
|o 491.44 RAS
|p 3010003336
|r 2015-01-08
|t 1
|w 2015-01-08
|y BK
|z Not price in Register
|